| 000 | 00000cam 2200000zi 4500 |
| 001 | 9.932242 |
| 003 | CaOODSP |
| 005 | 20260203102741 |
| 006 | m o d f |
| 007 | cr |n||||||||| |
| 008 | 231117e201404 quc ob f000 0 eng d |
| 040 | |aCaOODSP|beng|erda|cCaOODSP |
| 043 | |an-cn--- |
| 086 | 1 |aEn4-641/2014E-PDF |
| 245 | 00|aEvaluation of the Protected Areas Program : |bfinal report / |cAudit and Evaluation Branch. |
| 264 | 1|a[Gatineau QC] : |bEnvironment Canada = Environnement Canada, |cApril 2014. |
| 300 | |a1 online resource (ii, 33 pages) |
| 336 | |atext|btxt|2rdacontent |
| 337 | |acomputer|bc|2rdamedia |
| 338 | |aonline resource|bcr|2rdacarrier |
| 500 | |aIssued also in French under title: Évaluation du programme sur les aires protégées : rapport final. |
| 504 | |aIncludes bibliographical references. |
| 610 | 10|aCanada. |bEnvironment Canada|xEvaluation. |
| 650 | 0|aHabitat conservation|zCanada|xEvaluation. |
| 710 | 1 |aCanada. |bEnvironment Canada, |eissuing body. |
| 775 | 08|tÉvaluation du programme sur les aires protégées : |w(CaOODSP)9.933871 |
| 794 | |tEvaluation of the Habitat Conservation and Protection Program : |b2025|w(CaOODSP)9.954949 |
| 856 | 40|qPDF|s725 KB|uhttps://publications.gc.ca/collections/collection_2024/eccc/en4/En4-641-2014-eng.pdf |
| 856 | 4 |qHTML|sN/A|uhttps://www.canada.ca/en/environment-climate-change/corporate/transparency/priorities-management/evaluations/protected-areas.html |